000 00942nam a2200205 i 4500
001 154543
003 ES-MaACL
005 20230906205754.0
008 961001s1864 sp |||| | spa d
100 1 _aGonzález Andrés, Raimundo.
_9127397
245 1 0 _aManual práctico de lengua griega o sea Colección de ejercicios gramaticales y de traducción
_b: ilustrada con numerosas notas y un vocabulario /
_cpor Raimundo González Andrés.
246 3 _aColección de ejercicios gramaticales y de traducción
250 _a4ª ed. aum.
260 _aMadrid :
_b[s.n.],
_c1864 (
_fAguado)
300 _aXVI, 128 p. ;
_c21 cm.
530 _aDisponible en formato digital.
650 0 4 _aLengua griega.
_914240
852 _aES-MaACL
_jT-304-F-2
_z- Enc. hol., falto de cub. original
_zDed. autógrafa del autor
_z- Enc. en un vol. facticio
856 _uhttp://bdh-rd.bne.es/viewer.vm?id=0000054711&page=1
_zBiblioteca Digital Hispánica
999 _c154543
_d154543